| 000 | 00374 a2200169 4500 | ||
|---|---|---|---|
| 001 | 157522 | ||
| 020 | _a85-7153-168-4 | ||
| 040 | _cEscola São Tomás de Aquino | ||
| 100 | _aCLAVER, Ronald | ||
| 240 | 1 | 0 |
_aA bola que rola _lpor |
| 245 | 1 | 0 | _aA bola que rola |
| 300 | _a60 | ||
| 362 | 0 | _a2003 | |
| 440 | 1 | _aRHJ | |
| 697 | _a*LITERATURA INFANTO JUVENIL | ||
| 942 | _cBK | ||
| 999 |
_c157522 _d157522 |
||